000 00441nam a22001577a 4500
005 20240108155633.0
008 190427b xxu||||| |||| 00| 0 eng d
020 _a978-81-85790-04-6
041 _aeng
100 _aKADAM, DR. S. S. ,MAHADIK,DR. K.R.,AND BOTHARA,DR. K.G
_98329
245 _aPRINCIPLES OF MEDICINAL CHEMISTRY ( VOL- I)
250 _a22nd, Ed. 2015
260 _aPUNE
_bNIRALI PRAKASHAN
300 _a1.12 p,
942 _cBK
999 _c5827
_d5825